|
|
|
|
| LEADER |
02842nam a2200553 4500 |
| 001 |
978-3-540-45457-1 |
| 003 |
DE-He213 |
| 005 |
20191023121800.0 |
| 007 |
cr nn 008mamaa |
| 008 |
121227s2002 gw | s |||| 0|eng d |
| 020 |
|
|
|a 9783540454571
|9 978-3-540-45457-1
|
| 024 |
7 |
|
|a 10.1007/3-540-45457-8
|2 doi
|
| 040 |
|
|
|d GrThAP
|
| 050 |
|
4 |
|a QC170-197
|
| 050 |
|
4 |
|a QC717.6-718.8
|
| 072 |
|
7 |
|a PHM
|2 bicssc
|
| 072 |
|
7 |
|a SCI074000
|2 bisacsh
|
| 072 |
|
7 |
|a PHM
|2 thema
|
| 082 |
0 |
4 |
|a 539
|2 23
|
| 100 |
1 |
|
|a Havenith, Martina H.
|e author.
|4 aut
|4 http://id.loc.gov/vocabulary/relators/aut
|
| 245 |
1 |
0 |
|a Infrared Spectroscopy of Molecular Clusters
|h [electronic resource] :
|b An Introduction to Intermolecular Forces /
|c by Martina H. Havenith.
|
| 250 |
|
|
|a 1st ed. 2002.
|
| 264 |
|
1 |
|a Berlin, Heidelberg :
|b Springer Berlin Heidelberg :
|b Imprint: Springer,
|c 2002.
|
| 300 |
|
|
|a VIII, 120 p. 21 illus.
|b online resource.
|
| 336 |
|
|
|a text
|b txt
|2 rdacontent
|
| 337 |
|
|
|a computer
|b c
|2 rdamedia
|
| 338 |
|
|
|a online resource
|b cr
|2 rdacarrier
|
| 347 |
|
|
|a text file
|b PDF
|2 rda
|
| 490 |
1 |
|
|a Springer Tracts in Modern Physics,
|x 0081-3869 ;
|v 176
|
| 505 |
0 |
|
|a Intermolecular Interactions -- Semiempirical Potentials -- The Molecular Beam -- Infrared Spectroscopy of Complexes -- The Diode Laser Spectrometer -- The CO Sideband Spectrometer -- Infrared Spectroscopy of Ar-CO -- (NH3)2 - a Prototype of Hydrogen Bonding? -- Final Remarks.
|
| 520 |
|
|
|a The subject of the book is the spectroscopy of weakly bound complexes of molecules as a tool for understanding the intermolecular interactions. The book gives an introduction to the theoretical description of intermolecular forces and a presentation of recent experimental spectroscopic techniques. Two examples -- the Ar--CO and (NH3)2 complexes -- demonstrate the use of these new concepts and the surprising results.
|
| 650 |
|
0 |
|a Atoms.
|
| 650 |
|
0 |
|a Physics.
|
| 650 |
|
0 |
|a Physical chemistry.
|
| 650 |
|
0 |
|a Lasers.
|
| 650 |
|
0 |
|a Photonics.
|
| 650 |
1 |
4 |
|a Atomic, Molecular, Optical and Plasma Physics.
|0 http://scigraph.springernature.com/things/product-market-codes/P24009
|
| 650 |
2 |
4 |
|a Physical Chemistry.
|0 http://scigraph.springernature.com/things/product-market-codes/C21001
|
| 650 |
2 |
4 |
|a Optics, Lasers, Photonics, Optical Devices.
|0 http://scigraph.springernature.com/things/product-market-codes/P31030
|
| 710 |
2 |
|
|a SpringerLink (Online service)
|
| 773 |
0 |
|
|t Springer eBooks
|
| 776 |
0 |
8 |
|i Printed edition:
|z 9783662146484
|
| 776 |
0 |
8 |
|i Printed edition:
|z 9783662146477
|
| 776 |
0 |
8 |
|i Printed edition:
|z 9783540426912
|
| 830 |
|
0 |
|a Springer Tracts in Modern Physics,
|x 0081-3869 ;
|v 176
|
| 856 |
4 |
0 |
|u https://doi.org/10.1007/3-540-45457-8
|z Full Text via HEAL-Link
|
| 912 |
|
|
|a ZDB-2-PHA
|
| 912 |
|
|
|a ZDB-2-BAE
|
| 950 |
|
|
|a Physics and Astronomy (Springer-11651)
|